000 00494nam a2200169 i 4500
001 62806
003 ES-MaACL
005 20250929063124.0
007 t|
008 031126s1975 sp ||||1| spa d
100 1 _aFernández-Miranda, Torcuato,
_d1915-1980
_9171853
245 1 0 _aEstado y Constitución /
_cTorcuato Fernández-Miranda.
260 _aMadrid :
_bEspasa-Calpe,
_c1975.
300 _a369 p. ;
_c23 cm.
852 _aES-MaACL
_jE-8994
_bR.93467
999 _c62806
_d62806